Statistics for NHL President's Trophy Winners

Click here to take the quiz!

General Stats

  • This quiz has been taken 152 times
  • The average score is 28 of 34

Answer Stats

YearPointsWinner% Correct
2007-08115Detroit Red Wings
93%
2001-02116Detroit Red Wings
93%
1994-95*70Detroit Red Wings
93%
1995-96131Detroit Red Wings
93%
2005-06124Detroit Red Wings
93%
2003-04109Detroit Red Wings
93%
1992-93119Pittsburgh Penguins
93%
2019-20**100Boston Bruins
90%
2013-14117Boston Bruins
90%
1989-90101Boston Bruins
90%
2018-19128Tampa Bay Lightning
90%
1990-91106Chicago Blackhawks
87%
2012-13*77Chicago Blackhawks
87%
1986-87106Edmonton Oilers
87%
1985-86119Edmonton Oilers
87%
2000-01118Colorado Avalanche
85%
1996-97107Colorado Avalanche
85%
2016-17118Washington Capitals
84%
2015-16120Washington Capitals
84%
2009-10121Washington Capitals
84%
2014-15113New York Rangers
83%
1993-94112New York Rangers
83%
1991-92105New York Rangers
83%
2011-12111Vancouver Canucks
80%
2010-11117Vancouver Canucks
80%
1997-98109Dallas Stars
79%
1998-99114Dallas Stars
79%
1988-89117Calgary Flames
78%
1987-88105Calgary Flames
78%
2008-09117San Jose Sharks
66%
2017-18117Nashville Predators
63%
2006-07113Buffalo Sabres
61%
2002-03113Ottawa Senators
59%
1999-2000114St. Louis Blues
59%

Score Distribution

Percentile by Number Answered

Percent of People with Each Score

Your Score History

You have not taken this quiz